00470nam a22001577a 450000500170000001000130001702000260003003500130005603700140006908200060008310000180008924500420010726000530014927000890020230000210029120190708171359.0 aB-728400 a9789387578678c350.00 aB-728400 bRK Books  aN aShenoy,Preeti aThe rule breakers /cby Preeti Shenoy aChennai bWestland Publications Pvt. Ltd.c2018 a61, 2nd floor, Siverline Building, Alpakkam Main Road Maduravoyal bChennai e600095v a321p.c20cm(pbk)